Catálogo
 En Linea

Diseño de vigas de concreto presforzado / (Registro nro. 24739)

Detalles MARC
000 -CABECERA
campo de control de longitud fija 00800nam a2200205 u 4500
001 - NÚMERO DE CONTROL
campo de control 000025246
005 - FECHA Y HORA DE LA ÚLTIMA TRANSACCIÓN
campo de control 20200930023645.0
008 - DATOS DE LONGITUD FIJA--INFORMACIÓN GENERAL
campo de control de longitud fija 110211s1993 mx a r 001 0 spa d
020 ## - NÚMERO INTERNACIONAL ESTÁNDAR DEL LIBRO
Número Internacional Estándar del Libro 9684640595
040 ## - FUENTE DE LA CATALOGACIÓN
Centro catalogador/agencia de origen DO-SdBNP
Lengua de catalogación spa
Centro/agencia transcriptor BNPHU
041 17 - CÓDIGO DE LENGUA
Código de lengua del texto/banda sonora o título independiente spa
Código de lengua original eng
Fuente del código Código de idiomas MARC
082 ## - NÚMERO DE LA CLASIFICACIÓN DECIMAL DEWEY
Número de clasificación nn*
Número de documento/Ítem nn*
049 ## - FONDOS LOCALES (OCLC)
Fondos de biblioteca BNGR
100 1# - ENTRADA PRINCIPAL--NOMBRE DE PERSONA
Nombre de persona Branson, Dan E.
9 (RLIN) 51739
240 10 - TÍTULO UNIFORME
Título uniforme Analysis and design of noncomposite and composite prestressed concrete structures.
Lenguaje de la obra Español
245 10 - MENCIÓN DE TÍTULO
Título Diseño de vigas de concreto presforzado /
Mención de responsabilidad, etc. Dan E. Branson.
260 ## - PUBLICACIÓN, DISTRIBUCIÓN, ETC.
Lugar de publicación, distribución, etc. México, D. F. :
Nombre del editor, distribuidor, etc. Instituto Mexicano del Cemento y del Concreto,
Fecha de publicación, distribución, etc. 1993.
300 ## - DESCRIPCIÓN FÍSICA
Extensión 111 p. :
Otras características físicas il. ;
Dimensiones 23 cm.
534 ## - NOTA SOBRE LA VERSIÓN ORIGINAL
Encabezamiento principal del original Título original en inglés :
Mención de título del original Analysis and design of noncomposite and composite prestressed concrete structures

No hay ítems disponibles.

Con tecnología Koha